Les 10 plus hautes cathédrales et églises de France - Statistiques

Statistiques générales
  • Ce quiz a été pris 515 fois
  • Le résultat moyen est 6 sur 10
Statistiques - réponses
Nom de l'édifice Hauteur (en mètres) Ville % Correct
Les Invalides 107 Paris
99%
Notre-Dame 141 Strasbourg
85%
Notre-Dame 151 Rouen
71%
Notre-Dame 112 Amiens
70%
Notre-Dame 115 Chartres
62%
Saint-Michel 114 Bordeaux
61%
Sainte-Croix 114 Orléans
57%
Notre-Dame-de-l'Assomption 108 Clermont-Ferrand
41%
Saint-Joseph 107 Le Havre
28%
Notre-Dame-de-l'Immaculée-Conception 101 Boulogne-sur-Mer
8%
Aucun quiz correspondant
Distribution des résultats
% des personnes avec chaque résultat
Percentile par nombre de réponses
Votre historique - résultats
Vous n’avez pas pris ce quiz